Box Office Decades: 1980s - Statistics

General Stats
  • This quiz has been taken 165 times
    147 since last reset
  • The average score is 32 of 100
Answer Stats
Year $$$ Movie % Correct
1985 $385M Back to the Future
85%
1981 $389M Raiders of the Lost Ark
85%
1980 $550M The Empire Strikes Back
83%
1982 $797M E.T. the Extra-Terrestrial
80%
1984 $333M Indiana Jones and the Temple of Doom
80%
1989 $474M Indiana Jones and the Last Crusade
78%
1983 $482M Return of the Jedi
78%
1989 $332M Back to the Future Part II
75%
1988 $354M Rain Man
75%
1986 $357M Top Gun
75%
1984 $78M The Terminator
63%
1989 $411M Batman
60%
1984 $296M Ghostbusters
60%
1986 $131M Aliens
55%
1986 $138M Platoon
55%
1980 $83M Airplane!
50%
1984 $316M Beverly Hills Cop
50%
1981 $216M Superman II
50%
1988 $143M Die Hard
48%
1987 $98M Predator
48%
1985 $125M The Goonies
48%
1987 $120M Lethal Weapon
45%
1982 $270M Rocky III
45%
1983 $80M Superman III
45%
1987 $299M Beverly Hills Cop II
43%
1982 $125M First Blood
43%
1989 $215M Ghostbusters II
43%
1984 $165M Gremlins
43%
1985 $300M Rocky IV
43%
1985 $227M Out of Africa
40%
1989 $211M The Little Mermaid
40%
1987 $320M Fatal Attraction
38%
1988 $151M Big
35%
1982 $127M Gandhi
35%
1989 $227M Lethal Weapon 2
35%
1983 $90M Trading Places
35%
1988 $329M Who Framed Roger Rabbit
35%
1988 $288M Coming to America
33%
1987 $214M Dirty Dancing
33%
1983 $87M Jaws 3-D
33%
1983 $187M Octopussy
33%
1985 $300M Rambo: First Blood Part II
33%
1982 $96M Star Trek II: The Wrath of Khan
33%
1984 $91M The Karate Kid
33%
1985 $152M A View to a Kill
30%
1988 $171M Cocktail
30%
1982 $124M Poltergeist
30%
1980 $115M The Blues Brothers
30%
1985 $98M The Color Purple
30%
1987 $167M Three Men and a Baby
30%
1985 $68M Witness
30%
1988 $189M Rambo III
28%
1988 $216M Twins
28%
1981 $195M For Your Eyes Only
25%
1987 $123M Good Morning, Vietnam
25%
1989 $296M Look Who's Talking
25%
1984 $86M Romancing the Stone
25%
1984 $87M Star Trek III: The Search for Spock
25%
1986 $109M Star Trek IV: The Voyage Home
25%
1982 $78M 48 Hrs.
23%
1986 $328M Crocodile Dundee
23%
1980 $59M Friday the 13th
23%
1982 $177M Tootsie
23%
1980 $103M 9 to 5
20%
1989 $235M Dead Poets Society
20%
1983 $201M Flashdance
20%
1984 $80M Footloose
20%
1981 $119M On Golden Pond
20%
1984 $81M Police Academy
20%
1986 $115M The Karate Kid Part II
20%
1987 $191M The Living Daylights
20%
1982 $189M An Officer and a Gentleman
18%
1982 $111M Porky's
18%
1981 $72M The Cannonball Run
18%
1981 $63M The Fox and the Hound
18%
1981 $95M Arthur
15%
1986 $91M Back to School
15%
1985 $85M Cocoon
15%
1983 $159M Never Say Never Again
15%
1980 $69M Private Benjamin
15%
1980 $66M Smokey and the Bandit II
15%
1981 $85M Stripes
15%
1980 $67M Coal Miner's Daughter
13%
1988 $239M Crocodile Dundee II
13%
1989 $222M Honey, I Shrunk the Kids
13%
1987 $80M Moonstruck
13%
1983 $79M WarGames
13%
1988 $102M Working Girl
13%
1981 $61M An American Werewolf in London
10%
1989 $161M Born on the Fourth of July
10%
1980 $101M Stir Crazy
10%
1986 $79M The Golden Child
10%
1986 $84M An American Tail
8%
1980 $70M Any Which Way You Can
8%
1983 $127M Staying Alive
8%
1985 $96M The Jewel of the Nile
8%
1986 $93M Legal Eagles
5%
1983 $108M Tears of Endearment
3%
1987 $110M The Secret of My Success
3%
1981 $65M Fort Apache, The Bronx
0%
No matching quizzes found
Score Distribution
Percent of People with Each Score
Percentile by Number Answered
Your Score History
You have not taken this quiz since the last reset